Mujeres y otros delitos.

Guardat en:
Dades bibliogràfiques
Autor principal: Maldonado, Kira (autora)
Format: Llibre
Idioma:anglès
Publicat: Santiago, Chile: R.I.L., 1995.
Matèries:
Etiquetes: Afegir etiqueta
Sense etiquetes, Sigues el primer a etiquetar aquest registre!

MARC

LEADER 00000nam a22000007a 4500
003 CL-VaPUC
005 20241127095841.0
008 241119t1995 ||||| |||| 00| 0 eng d
999 |c 445797  |d 445795 
040 |c Pontificia Universidad Católica de Valparaíso 
082 |2 22  |a Ch868.44 MAL 1995 
100 |9 893986  |a Maldonado, Kira  |e autora 
245 |a Mujeres y otros delitos. 
260 |a Santiago, Chile:  |b R.I.L.,  |c 1995. 
300 |a 61 páginas. 
500 |a c.1: Donación. Memo EDU. 4-11-2024. 
500 |a Contiene correspondencia y dedicatoria: "Haydée: Hay mucho que desentrañar de nosotras las mujeres ahí está la gran labor de nuestros intelectuales chilenos. Kira. 6/9/96". 
583 |c 20241119  |k Yessy Sthefany Diaz Vidal 
650 0 |9 259085  |a Feminismo  |v Ensayos, poemas, etc.  |v Crítica e interpretación  |x Literatura chilena 
942 |2 ddc  |c BK 
952 |0 0  |1 0  |2 ddc  |4 0  |6 CH_868_440000000000000_MAL_1995  |7 0  |8 A  |9 598125  |a BIBEDU  |b BIBEDU  |d 2024-11-19  |e Donación  |i 5663252  |o Ch868.44 MAL 1995  |p 5663252  |r 2024-11-19  |t 1  |w 2024-11-19  |y BK  |k EDU